| 000 | 00439nam a2200157 i 4500 | ||
|---|---|---|---|
| 001 | 70539 | ||
| 003 | ES-MaACL | ||
| 005 | 20230906170840.0 | ||
| 007 | t| | ||
| 008 | 040727s1972 sp ||||1| spa d | ||
| 100 | 1 |
_aGarcía Venturini, Jorge L. _955394 |
|
| 245 | 1 | 0 |
_aFilosofía de la Historia / _cJorge L. García Venturini. |
| 260 |
_a[Madrid] : _bGredos, _c1972. |
||
| 300 |
_a268 p. ; _c20 cm. |
||
| 852 |
_aES-MaACL _jC-42816 _bR.80540 |
||
| 999 |
_c70539 _d70539 |
||